Тайны Иллирии (Запись № 13206263)

Подробности
000 -МАРКЕР
контрольное поле 02804nam0a2200385 4500
001 - ИДЕНТИФИКАТОР ЗАПИСИ
контрольное поле RU\NLR\BIBL_A\012808677
005 - ИДЕНТИФИКАТОР ВЕРСИИ
контрольное поле 20220810093554.0
010 ## - МЕЖДУНАРОДНЫЙ СТАНДАРТНЫЙ НОМЕР КНИГИ (ISBN)
Номер (ISBN) 978-5-9922-3395-7
Тираж 2000
021 ## - НОМЕР ГОСУДАРСТВЕННОЙ РЕГИСТРАЦИИ
Код страны Российская Федерация
Номер КН-П-22-012916
Номер Листа государственной регистраци КН-П-22-1101
035 ## - ДРУГИЕ СИСТЕМНЫЕ НОМЕРА
Идентификатор записи (NLR Aleph) 012808677
035 ## - ДРУГИЕ СИСТЕМНЫЕ НОМЕРА
Идентификатор записи (RuMoRGB)010997452
100 ## - ДАННЫЕ ОБЩЕЙ ОБРАБОТКИ
Данные общей обработки 20220603d2022 u y0rusy50 ca
101 0# - ЯЗЫК РЕСУРСА
Язык текста, звукозаписи и т.д. русский
102 ## - СТРАНА ПУБЛИКАЦИИ ИЛИ ПРОИЗВОДСТВА
Страна публикации Российская Федерация
105 ## - ПОЛЕ КОДИРОВАННЫХ ДАННЫХ: ТЕКСТОВЫЕ МАТЕРИАЛЫ, МОНОГРАФИЧЕСКИЕ
Кодированные данные о монографическом текстовом документе a|||z|||000ay
181 #0 - ПОЛЕ КОДИРОВАННЫХ ДАННЫХ: ВИД СОДЕРЖАНИЯ
Код вида содержания (ISBD) i3
Код характеристики содержания (ISBD) axxe
182 #0 - ПОЛЕ КОДИРОВАННЫХ ДАННЫХ: ТИП СРЕДСТВА
Код типа средства (ISBD) n - непосредственное
200 1# - ЗАГЛАВИЕ И СВЕДЕНИЯ ОБ ОТВЕТСТВЕННОСТИ
Основное заглавие Тайны Иллирии
Наименование части Паук в янтаре
Сведения, относящиеся к заглавию роман
Первые сведения об ответственности Анастасия Волжская, Валерия Яблонцева
Последующие сведения об ответственности художник В. Успенская
203 ## - ВИД СОДЕРЖАНИЯ И ТИП СРЕДСТВА
Вид содержания Текст
Дополнительные сведения об издании визуальный
Тип средства непосредственный
210 ## - ПУБЛИКАЦИЯ, РАСПРОСТРАНЕНИЕ И ДР.
Место издания, распространения и т.д. Москва
Имя издателя, распространителя и т. д. АРМАДА
-- Альфа-книга
Дата издания, распространения и т.д. 2022
215 ## - ФИЗИЧЕСКАЯ ХАРАКТЕРИСТИКА
Специфическое обозначение материала и объем 281, [1] с.
Другие сведения о физической характеристике ил.
Размеры 21
225 1# - СЕРИЯ
Основное заглавие серии Романтическая фантастика
Обозначение тома вып. 687
225 1# - СЕРИЯ
Основное заглавие серии Фэнтези. Любовный роман. Детектив
330 ## - РЕЗЮМЕ ИЛИ РЕФЕРАТ
Текст примечания Вчера - леди, наследница древнего рода, сегодня - заключенная без права голоса. В прошлом остались роскошные балы, просторные покои, красивые платья и усыпанные кристаллами украшения. Осужденная за применение ментальной магии, я вынуждена работать на благо Короны в тюремных застенках, почти смирившись с тем, что свобода так и останется для меня недостижимой мечтой. Но прошлое, давно забытое, вдруг подняло голову над мутной водой каналов, всколыхнувшейся, когда новый главный дознаватель нарушил размеренное течение моей новой жизни. Поймем ли мы, кто плетет смертельную паутину в тени роскошных дворцов моего родного города? И чего будет стоить помощь человека, чьи потаенные чувства не может прочесть даже опытный менталист?
333 ## - ПРИМЕЧАНИЯ ОБ ОСОБЕННОСТЯХ РАСПРОСТРАНЕНИЯ И ИСПОЛЬЗОВАНИЯ
Текст примечания 16+
686 2# - ИНДЕКСЫ ДРУГИХ КЛАССИФИКАЦИЙ
Индекс Ш6(2=Р)8-445
700 #1 - ИМЯ ЛИЦА - ПЕРВИЧНАЯ ОТВЕТСТВЕННОСТЬ
Начальный элемент ввода Волжская
Часть имени, кроме начального элемента ввода А.
Расширение инициалов личного имени Анастасия
701 #1 - ИМЯ ЛИЦА - АЛЬТЕРНАТИВНАЯ ОТВЕТСТВЕННОСТЬ
Начальный элемент ввода Яблонцева
Часть имени, кроме начального элемента ввода В.
Расширение инициалов личного имени Валерия
702 #1 - ИМЯ ЛИЦА - ВТОРИЧНАЯ ОТВЕТСТВЕННОСТЬ
Начальный элемент ввода Успенская
Часть имени, кроме начального элемента ввода В. Ю.
Дополнения к именам, кроме дат художник
Даты 1964-
Расширение инициалов личного имени Вера Юрьевна
Идентификатор авторитетной/нормативной записи RU\NLR\AUTH\7754853
Код отношения Карикатурист, Художник
942 ## - ДОПОЛНИТЕЛЬНЫЕ ЭЛЕМЕНТЫ ЗАПИСИ (АБИС)
Тип экземпляра АБИС Книга
980 ## - КОЛЛЕКЦИЯ
Название коллекции Национальная библиография
Экземпляры
Тип экземпляра Дата поступления Источник поступления Библиотека постоянного хранения Библиотека текущего хранения Место хранения Шифр хранения Штрих-код Статус экземпляра
Книга 03.06.2022 Обязательный экземпляр РНБ (Московский) РНБ (Московский) Русский книжный фонд: издания с 1957 года 2022-3/14724 1-3826668  
Книга 03.06.2022 Обязательный экземпляр РНБ (Московский) РНБ (Московский) Русский книжный фонд: издания с 1957 года 2022-3/14724 1-3826664